Rozvoj poistného trhu na Slovensku v rokoch 1993-2000
Vývoj priemerného prijatého poistného na obyvateľa a priemernej mesačnej mzdy v rokoch 1993-2000. Transformácia zákonného poistenia zodpovednosti za škodu spôsobenú prevádzkou motorového vozidla. Bankopoistenie - súčasť transformujúceho sa finančného trhu - rozvoj formou kooperácie poisťovní a bánk.
Gespeichert in:
| 1. Verfasser: | |
|---|---|
| Format: | Buchkapitel |
| Sprache: | Slowakisch |
| Schlagworte: | |
| Tags: |
Keine Tags, Fügen Sie das erste Tag hinzu!
|
MARC
| LEADER | 00000naa a2200000 4500 | ||
|---|---|---|---|
| 001 | r045238 | ||
| 005 | 20220608125333.7 | ||
| 041 | 0 | |a slo | |
| 044 | |a SK | ||
| 245 | 1 | 0 | |a Rozvoj poistného trhu na Slovensku v rokoch 1993-2000 |c Eva Kafková |
| 520 | |a Vývoj priemerného prijatého poistného na obyvateľa a priemernej mesačnej mzdy v rokoch 1993-2000. Transformácia zákonného poistenia zodpovednosti za škodu spôsobenú prevádzkou motorového vozidla. Bankopoistenie - súčasť transformujúceho sa finančného trhu - rozvoj formou kooperácie poisťovní a bánk. | ||
| 610 | 2 | 0 | |a trh poistný |
| 610 | 2 | 0 | |a poisťovníctvo |
| 610 | 2 | 0 | |a Slovensko |
| 610 | 2 | 0 | |a poisťovne |
| 610 | 2 | 0 | |a 1993-2000 |
| 610 | 2 | 0 | |a poistenie zodpovednosti za škody |
| 610 | 2 | 0 | |a poistenie zákonné |
| 610 | 2 | 0 | |a bankopoisťovne |
| 100 | 1 | |a Kafková, Eva | |